Mi desconfiada esposa (Registro nro. 63880)

Detalles MARC
000 -ENCABEZADO
Número de control [NR] 01791nam a2200289Ia 4500
008 - DE LONGITUD FIJA DE DATOS DE ELEMENTOS - INFORMACIÓN GENERAL
Elementos de longitud fija [NR] 130821s1957 xxua gs spa
040 ## - FUENTE DE CATALOGACION [NR]
Agencia de catalogación original [NR] Co-BoUCM
Idioma de catalogación [NR] spa
041 00 - CODIGO DE IDIOMA [R]
Código de idioma para texto/pista de sonido o título separado [R] Español
092 ## - SIGNATURA TOPOGRAFICA LOCAL
Número de clasificación local DVD 0590
245 00 - MENCION DE TITULO [NR]
Título [NR] Mi desconfiada esposa
Mención de responsabilidad, etc. [NR] [DVD]
-- [dirigida por] Vincente Minnelli
260 ## - PUBLICACION, DISTRIBUCION, ETC. (PIE DE IMPRENTA) [R]
Lugar de publicación, distribución, etc. [R] Washington D.C. (Estados Unidos)
Nombre del editor, distribuidor, etc. [R] Metro-Goldwyn-Mayer
Fecha de publicación, distribución, etc. [R] 1957
300 ## - DESCRIPCION FISICA [R]
Extensión [R] 1 DVD
Otros detalles físicos [NR] son., color
500 ## - NOTA GENERAL [R]
Nota general [NR] SINOPSIS : Gregory Peck es un periodista deportivo. Lauren Bacall, una diseñadora de moda de éxito. Ambos se casan tras una breve y torbellina relación, pero tras el romance inicial sus diferentes caracteres pronto se pondran de manifiesto en su convivencia matrimonial, al pertenecer a dos mundos diferentes. Divertida comedia romántica de la Metro que se benefició de un reparto lleno de glamour, de un simpático guión -ganador del Oscar- y de la siempre deliciosa dirección de Minelli. Atención a Mickey Shcaughnessy como el guardaespaldas de Peck.
508 ## - NOTA DE CREDITOS DE CREACION/PRODUCCION [R]
Nota de créditos de creación/producción [NR] Director, Vincente Minnelli ; guión, George Wells ; música, André Previn ; fotografía, John Alton.
511 ## - NOTA DE PARTICIPANTE O INTERPRETE [R]
Nota de participante o intérprete [NR] Gregory Peck, Lauren Bacall, Dolores Gray, Tom Helmore, Mickey Shaughnessy, Edward Platt, Jack Cole, Chuck Connors, Sam Levene.
546 ## - NOTA DE IDIOMA [R]
Nota de idioma [NR] Audio en Español e Inglés. Subtítulos en Español.
650 04 - ASIENTO SECUNDARIO DE MATERIA - TERMINO TEMATICO [R]
Término temático o nombre geográfico como elemento de entrada [NR] Comedia
Subdivisión de forma [R] DVD
9 (RLIN) 11176
650 04 - ASIENTO SECUNDARIO DE MATERIA - TERMINO TEMATICO [R]
Término temático o nombre geográfico como elemento de entrada [NR] Entretenimiento
9 (RLIN) 26487
650 04 - ASIENTO SECUNDARIO DE MATERIA - TERMINO TEMATICO [R]
Término temático o nombre geográfico como elemento de entrada [NR] Películas cinematográficas
Subdivisión geográfica [R] Estados Unidos
Subdivisión de forma [R] DVD
9 (RLIN) 7903
650 04 - ASIENTO SECUNDARIO DE MATERIA - TERMINO TEMATICO [R]
Término temático o nombre geográfico como elemento de entrada [NR] Periodistas en el cine
Subdivisión de forma [R] DVD
9 (RLIN) 21369
650 04 - ASIENTO SECUNDARIO DE MATERIA - TERMINO TEMATICO [R]
Término temático o nombre geográfico como elemento de entrada [NR] Relaciones de pareja
Subdivisión de forma [R] DVD
9 (RLIN) 23439
700 1# - ASIENTO SECUNDARIO - NOMBRE PERSONAL [R]
Nombre personal [NR] Minnelli, Vincente
Fechas asociadas con el nombre [NR] 1903-1986
Término de relación [R]
710 2# - ASIENTO SECUNDARIO - NOMBRE CORPORATIVO [R]
Nombre corporativo o de jurisdicción como elemento de entrada [NR] Metro-Goldwyn-Mayer
765 ## - ASIENTO DE IDIOMA ORIGINAL [R]
Título [NR] Designing woman
856 04 - LOCALIZACION Y ACCESO ELECTRONICOS [R]
Identificador Uniforme del Recurso (“URI”) [R] <a href="https://www.youtube.com/watch?v=kII7uNGz7lc">https://www.youtube.com/watch?v=kII7uNGz7lc</a>
Nota dirigida al público [R] Siga este vínculo para ver el trailer.
942 ## - ELEMENTOS DE ENTRADA AGREGADOS (KOHA)
Tipo de ítem principal el descrito en 300a Multimedia
Sistema de clasificación LOCAL
Tema principal Sociología
Edición 1
Existencias
Fecha de último préstamo Código de barras Última vez visto Volúmen / Fascículo Ejemplar Price effective from Tipo de ítem Perdido Sistema de clasificación Dañado No prestable Tipo de ítem específico Suprimido Ubicación habitual Ubicación actual Localización Fecha de creación Forma de adquisición Costo Total préstamos Total Renewals
07/05/2012 100102116 09/12/2025 DVD 0590 Ej.1 03/02/2013 Multimedia   LOCAL   Préstamo restringido DVD   Procesos Técnicos Procesos Técnicos (no para préstamo) Procesos Técnicos 19/02/2013 Compra 35901.00    
29/11/2014 100108840 12/12/2025 DVD 0590 Ej.2 03/02/2013 Multimedia   DEWEY     DVD   Quinta de Mutis Quinta de Mutis Colección digital 19/02/2013 Donación 26000.00 5 1